000 00659nam a2200241Ia 4500
001 25908
005 20240114000902.0
007 ta
008 060502s1942 g b000 u be u
040 _aCotton College Assam
041 _abe
082 _a001
_bM 896 J
100 _aMukhopadhyay, Prabhat Kumar .
245 0 _aGyanbharati /
_cPrabhat Kumar Mukhopadhyay.
_hTextual Documents
250 _a1st ed. /
260 _aCalcutta :
_bThe National Literature Co. ,
_c1942.
300 _a711p. ;
_c26cm.
653 _aEncyclopedias-Bengali
653 _aG-Computer Science
942 _2ddc
_cBK
999 _c25890
_d25890